[Event "Olympiad Women 2024"]
[Site "Budapest HUN"]
[Date "2024.09.12"]
[Round "2.1"]
[Board "3"]
[White "Vantika, Agrawal"]
[Black "Rodshtein, Tereza"]
[Result "1-0"]
[WhiteElo "2370"]
[BlackElo "2149"]
[PlyCount "61"]
[EventDate "2024.09.11"]
[WhiteTeam "India"]
[BlackTeam "Czech Republic"]
[WhiteTeamCountry "IND"]
[BlackTeamCountry "CZE"]

1. d4 d5 2. Nf3 Nc6 3. c4 Bg4 4. cxd5 Bxf3 5. gxf3 Qxd5 6. e3 e5 7. Nc3 Bb4 8. Bd2 Bxc3 9. bxc3 Qd6 10. Qb3 O-O-O ({RR} 10... Nge7 11. Be2 b6 12. h4 Qf6 13. O-O-O O-O-O 14. Kb1 Kb8 15. Qc2 g6 16. Bc1 Rhe8 17. Ka1 h6 18. Qa4 g5 19. h5 Na5 20. e4 Nb7 21. Ba3 Rc8 22. Rhf1 Rcd8 23. Rg1 c6 24. Rd2 Nc8 25. Rgd1 {1-0 SlowChess Blitz 2.9 avx2 (3491)-Berserk dev10_20220912 (3509) TCEC 23 Premier 2022 (4.1)}) 11. Rb1 b6 12. Qxf7 Kb8 ({RR} 12... Nge7 13. Be2 Rhf8 14. Qxg7 Kb8 15. Rd1 h5 16. Qg5 Rde8 17. dxe5 Nxe5 18. Bc1 Qc5 19. f4 Qc6 20. Rf1 Qxc3+ 21. Bd2 Nd3+ 22. Bxd3 Qxd3 23. Bb4 Qe4 24. Bxe7 Rxe7 25. a3 Rfe8 26. Qd5 Qxf4 27. Rd3 {0-1 Jones,G (2633)-Beerdsen,T (2513) Titled Tue 18th Jun Early 2024 (11)}) 13. Bc4 $146 ({RR} 13. Bh3 Nf6 14. Qe6 Qxe6 15. Bxe6 exd4 16. cxd4 Nxd4 17. exd4 Rhe8 18. Be3 Rxe6 19. O-O Nd5 20. Rfe1 Rf8 21. Kg2 Rg6+ 22. Kf1 Rxf3 23. Ke2 Rh3 24. Rbc1 Re6 25. Kd3 Rxh2 26. Kc4 Nxe3+ 27. fxe3 Rxa2 {0-1 Filip,L (2442)-Mroziak,M (2369) EU-ch qual Online 2020 (8)}) 13... exd4 14. cxd4 Nf6 15. O-O Rhe8 16. Bb5 Re5 17. dxe5 Nxe5 18. Bb4 c5 19. Bxc5 Qxc5 20. Qe6 Nxf3+ 21. Kg2 Rd6 22. Qh3 Ng5 23. Qg3 Nfe4 24. Qf4 Nd2 25. Rfd1 Qd5+ 26. f3 Ngxf3 27. e4 Qd4 28. Rbc1 Ne5 29. Ba6 Rd8 30. Rc2 g5 31. Rcxd2 1-0

[Event "Olympiad Women 2024"]
[Site "Budapest HUN"]
[Date "2024.09.12"]
[Round "2.1"]
[Board "4"]
[White "Korenova, Martina"]
[Black "Tania, Sachdev"]
[Result "1/2-1/2"]
[WhiteElo "2104"]
[BlackElo "2386"]
[PlyCount "67"]
[EventDate "2024.09.11"]
[WhiteTeam "Czech Republic"]
[BlackTeam "India"]
[WhiteTeamCountry "CZE"]
[BlackTeamCountry "IND"]

1. e4 e5 2. Nf3 Nc6 3. Bb5 a6 4. Ba4 Nf6 5. d3 d6 6. c4 Be7 7. d4 exd4 8. Nxd4 Bd7 9. Nc3 O-O 10. Nxc6 Bxc6 11. Bxc6 bxc6 12. O-O Nd7 $146 ({RR} 12... Rb8 13. Qa4 Rb6 14. Rb1 d5 15. cxd5 cxd5 16. e5 Ne4 17. Nxe4 Rb4 18. Qxa6 Rxe4 19. Qc6 Rc4 20. Qb5 Qa8 21. Qd7 Bc5 22. a3 Rd8 23. Qf5 Re4 24. Bf4 Qc8 25. Qxc8 Rxc8 26. Bg3 h5 27. Rfe1 {0-1 Varga,Z (2479)-Prohaszka,P (2508) Szombathely Savaria GM 8th 2008 (2)}) 13. Qa4 c5 14. Nd5 Bf6 15. Nxf6+ Nxf6 16. Re1 Re8 17. Bg5 h6 18. Bxf6 Qxf6 19. Re2 Rab8 20. Rae1 Re7 21. b3 Rb6 22. Qa5 Qe5 23. g3 g5 24. Qd2 Qd4 25. Qe3 Qxe3 26. Rxe3 f6 27. f4 Kf7 28. Kf2 Rb8 29. e5 dxe5 30. fxe5 Rbe8 31. exf6 Rxe3 32. Rxe3 Rxe3 33. Kxe3 Kxf6 34. Ke4 1/2-1/2

[Event "Olympiad Women 2024"]
[Site "Budapest HUN"]
[Date "2024.09.12"]
[Round "2.2"]
[Board "1"]
[White "Ortiz Verdezoto, Anahi"]
[Black "Hoang, Thanh Trang"]
[Result "0-1"]
[WhiteElo "2229"]
[BlackElo "2351"]
[PlyCount "56"]
[EventDate "2024.09.11"]
[WhiteTeam "Ecuador"]
[BlackTeam "Hungary"]
[WhiteTeamCountry "ECU"]
[BlackTeamCountry "HUN"]

1. d4 d5 2. c4 e6 3. Nc3 a6 4. cxd5 exd5 5. Nf3 Nf6 6. Bg5 Be6 7. e3 Nbd7 8. Bd3 Bd6 9. O-O c6 10. Bf4 Qc7 11. Bxd6 Qxd6 12. Rb1 ({RR} 12. h3 O-O 13. Qc2 g6 14. Na4 Qe7 15. Rfc1 Ne8 16. Nc5 Nd6 17. Nxd7 Bxd7 18. Rab1 Bf5 19. Bxf5 Nxf5 20. Ne5 Nd6 21. Nd3 Rfe8 22. Nc5 Qg5 23. Qe2 h5 24. Qf3 Re7 25. Rc2 Rae8 26. b3 Nf5 {0-1 Sjugirov,S (2675)-Caruana,F (2835) Titled Tuesday intern op 14th July f blitz 2020 (2.1)}) 12... O-O ({RR} 12... a5 13. a3 O-O 14. Qc2 g6 15. Nd2 Ng4 16. g3 f5 17. Na4 Rf7 18. b4 axb4 19. axb4 f4 20. exf4 Rxf4 21. Nc5 Rxd4 22. Nxe6 Qxe6 23. Nf3 Qf6 24. Nxd4 Qxd4 25. h3 Nge5 26. Be2 Rf8 27. b5 {½-½ Swarna Nihal (2131)-Buscara,S (2359) 15th Tamil Nadu IM 2024 (5.4)}) 13. b4 b5 $146 ({RR} 13... Rfe8 14. a4 Bg4 15. h3 Bh5 16. Be2 Bxf3 17. Bxf3 b5 18. a5 Re7 19. Na2 Qc7 20. Rc1 Qb7 21. Rc3 Ne8 22. Qc2 Nb8 23. e4 dxe4 24. Bxe4 g6 25. Nc1 Nd6 26. Bf3 Nc4 27. Nb3 Qd7 28. Nc5 {0-1 Villarreal,A (2282)-Schekachikhin,M (2367) Titled Tue 31st Jan Late 2023 (8)}) 14. a4 Nb6 15. a5 Nc4 16. h3 h6 17. Re1 Rfe8 18. Re2 Re7 19. Qe1 Rae8 20. Na2 Ne4 21. Nc1 Bf5 22. Rb3 Qf6 23. Kh2 Bg6 24. Bc2 Bh5 25. Nd3 Bxf3 26. gxf3 Ng5 27. Qd1 Nxf3+ 28. Kg2 Nxd4 0-1

[Event "Olympiad Women 2024"]
[Site "Budapest HUN"]
[Date "2024.09.12"]
[Round "2.2"]
[Board "2"]
[White "Terbe, Julianna"]
[Black "Wagenschuetz, Evelyn"]
[Result "1/2-1/2"]
[WhiteElo "2245"]
[BlackElo "2036"]
[PlyCount "121"]
[EventDate "2024.09.11"]
[WhiteTeam "Hungary"]
[BlackTeam "Ecuador"]
[WhiteTeamCountry "HUN"]
[BlackTeamCountry "ECU"]

1. d4 Nf6 2. c4 d5 3. cxd5 Nxd5 4. e4 Nf6 5. Nc3 e6 6. Nf3 Bb4 7. Bd3 h6 ({RR} 7... O-O 8. O-O b6 9. e5 Nd5 10. Bxh7+ Kxh7 11. Ng5+ Kg6 12. Qg4 f5 13. Qg3 f4 14. Bxf4 Kf5 15. Bd2 {1-0 Ivkov,B (2475)-Mayer,R (2265) Oviedo rapid45 1992 (6)}) 8. O-O ({RR} 8. Qa4+ Nc6 9. a3 Bxc3+ 10. bxc3 Bd7 11. Qc2 O-O 12. O-O Ne8 13. d5 exd5 14. exd5 Ne7 15. c4 c6 16. Qb3 cxd5 17. cxd5 Bg4 18. Ne5 Nf6 19. f3 Bh5 20. g4 Bg6 21. Nxg6 Nxg6 22. Bxg6 fxg6 {½-½ Saravanan,D (1908)-Hammel,J (1650) Ceske Budejovice op-A 2022 (2)}) 8... c5 $146 ({RR} 8... Nbd7 9. e5 Nd5 10. Nxd5 exd5 11. Qb3 c5 12. Qxd5 O-O 13. e6 fxe6 14. Qxe6+ Kh8 15. Qg6 {1-0 Tu,H (2514)-Villanueva,M Olympiad-34 Istanbul 2000 (1.3)}) ({RR} 8... O-O 9. Bf4 c6 10. Qe2 Re8 11. Rac1 Nbd7 12. Rfd1 Nf8 13. h3 Be7 14. Bb1 Nh5 15. Be3 Nf6 16. Rd2 b5 17. e5 Nd5 18. Nxd5 Qxd5 19. Bf4 Bb7 20. a3 Rac8 21. Be4 Qd7 22. Rdc2 Rc7 23. g4 {1-0 Emelianov,S (1935)-Rusanov,V (1994) Irkutsk-ch op 2011 (8)}) 9. e5 Nd5 10. Ne4 cxd4 11. Nxd4 Nd7 12. Qg4 Nxe5 13. Qxg7 Ng6 14. Nd6+ Bxd6 15. Bxg6 Rf8 16. Re1 Qf6 17. Qxf6 Nxf6 18. Bd3 Bd7 19. g3 Bb4 20. Rd1 h5 21. Nb5 Nd5 22. a3 Bc5 23. b4 Be7 24. Bb2 a6 25. Nc3 Bc6 26. Nxd5 Bxd5 27. Be5 Rc8 28. h4 Bf3 29. Re1 Rg8 30. Re3 Bd5 31. Kh2 f6 32. Bb2 Kf7 33. Rc1 Rc6 34. Rxc6 Bxc6 35. Be2 Rh8 36. f4 Bd5 37. Rc3 Bd6 38. Rc2 Ke7 39. Rd2 Rh7 40. Bd4 Rh8 41. Kg1 Rh7 42. Kf2 Rh8 43. Bb6 Rh7 44. Rc2 Kd7 45. Bc5 Rh8 46. Bd4 Ke7 47. Rd2 Rh7 48. Rd3 Rh8 49. Re3 Rh7 50. Ke1 Rh8 51. Kd2 Kf7 52. Bb6 Kg6 53. Bd3+ Kf7 54. Bc2 Rc8 55. Ba4 Rg8 56. Ke1 Rc8 57. Bd1 Kg6 58. Kd2 Rc6 59. Bd4 Rc4 60. Bc2+ Kf7 61. Bb6 1/2-1/2

[Event "Olympiad Women 2024"]
[Site "Budapest HUN"]
[Date "2024.09.12"]
[Round "2.2"]
[Board "3"]
[White "Vasquez Ramirez, Rocio"]
[Black "Papp, Petra"]
[Result "0-1"]
[WhiteElo "1981"]
[BlackElo "2259"]
[PlyCount "108"]
[EventDate "2024.09.11"]
[WhiteTeam "Ecuador"]
[BlackTeam "Hungary"]
[WhiteTeamCountry "ECU"]
[BlackTeamCountry "HUN"]

1. e4 c6 2. d4 d5 3. e5 Bf5 4. Nf3 e6 5. h3 c5 6. c3 Nc6 7. Bd3 Bxd3 8. Qxd3 Rc8 $146 ({RR} 8... Qb6 9. O-O Rc8 10. dxc5 Bxc5 11. b4 Bxb4 12. cxb4 Nxb4 13. Qb3 Nc2 14. Qxb6 axb6 15. Bb2 Nxa1 16. Bxa1 Ne7 17. Nc3 O-O 18. Rb1 Rc6 19. Nd4 Rc4 20. Ncb5 Rfc8 21. Bb2 Ra8 22. Nd6 Rc5 23. a3 {½-½ Muzikantova,V (2030)-Dvorakova,M Frydek Mistek op (Women) 1997 (7)}) ({RR} 8... Qb6 9. O-O cxd4 10. Nxd4 Nxe5 11. Qe2 Bd6 12. Be3 Qd8 13. Nd2 Nf6 14. Bf4 Nc6 15. Bxd6 Nxd4 16. cxd4 Qxd6 17. Rac1 O-O 18. Rfd1 a6 19. Rc3 Rac8 20. Rg3 Rc7 21. Qe3 Kh8 22. Rxg7 Kxg7 23. Qg5+ {½-½ Lambruschi,D (1482)-Solinas,R (1725) Giovanni Pico Cup 7th 2014 (3)}) 9. O-O cxd4 10. cxd4 Nb4 11. Qb5+ Qd7 12. Nc3 Qxb5 13. Nxb5 a6 14. Nc3 Ne7 15. a3 Nbc6 16. Na4 b5 17. Nc3 Na5 18. g4 h6 19. Kg2 Kd7 20. Ne2 Ng6 21. b4 Rc2 22. bxa5 Rxe2 23. Be3 Rc2 24. Rfc1 Rxc1 25. Bxc1 Be7 26. Bd2 Rc8 27. a4 bxa4 28. Rxa4 Rc4 29. Ra2 Bd8 30. Be3 Ne7 31. Ne1 Nc6 32. Nd3 Be7 33. Rb2 Nb4 34. Nc1 Rc2 35. Rb1 Kc6 36. Nb3 Nd3 37. Na1 Rb2 38. Rd1 Nb4 39. Rc1+ Kd7 40. Rc3 Ra2 41. Nb3 Rc2 42. Rxc2 Nxc2 43. Kf3 Kc6 44. Ke2 Kb5 45. Kd3 Nb4+ 46. Kc3 Nc6 47. f4 Nxa5 48. Nxa5 Kxa5 49. f5 Bf8 50. h4 g6 51. f6 h5 52. gxh5 gxh5 53. Kb3 Kb5 54. Bc1 Bb4 0-1

[Event "Olympiad Women 2024"]
[Site "Budapest HUN"]
[Date "2024.09.12"]
[Round "2.2"]
[Board "4"]
[White "Lazarne Vajda, Szidonia"]
[Black "Miranda Vargas, Analia Karen"]
[Result "1-0"]
[WhiteElo "2283"]
[BlackElo "1891"]
[PlyCount "85"]
[EventDate "2024.09.11"]
[WhiteTeam "Hungary"]
[BlackTeam "Ecuador"]
[WhiteTeamCountry "HUN"]
[BlackTeamCountry "ECU"]

1. d4 Nf6 2. Bf4 c5 3. d5 d6 4. c4 ({RR} 4. Nc3 a6 5. a4 e5 6. Bd2 e4 7. h3 h5 8. Bf4 Bf5 9. e3 Nbd7 10. a5 h4 11. Nge2 Ne5 12. Nc1 Nfd7 13. Nb3 Bg6 14. Nd2 f5 15. f3 exf3 16. gxf3 Bh5 17. Rg1 Nf7 18. Be2 Qf6 {1-0 Carlsen,M (2863)-Nepomniachtchi,I (2784) Carlsen Inv Prelim rapid 2020 (6.3)}) 4... b5 5. cxb5 ({RR} 5. Nc3 bxc4 6. e4 g6 7. Bxc4 Bg7 8. Qd2 Nbd7 9. a4 Rb8 10. Rb1 Qa5 11. Nf3 Nh5 12. Nb5 Qxd2+ 13. Bxd2 Nb6 14. b3 Nxc4 15. bxc4 O-O 16. Ke2 a6 17. Na7 Bd7 18. a5 f5 19. exf5 gxf5 {½-½ Froewis,A (2075)-Kruckenhauser,A (2340) ch-AUT Blitz 2024 (2.8)}) 5... a6 6. bxa6 Qb6 $146 ({RR} 6... Bxa6 7. Nc3 g6 8. Nf3 Bg7 9. e3 O-O {½-½ Manay,G (1920)-Quabach,J (1719) Mittelrhein Verbandsliga-M 16/17 2016 (9.5)}) ({RR} 6... Nbd7 7. Nc3 g6 8. Nf3 Bg7 9. e3 O-O 10. h3 Qb6 11. Rb1 Bxa6 12. Bxa6 Qxa6 13. Qe2 Rfb8 14. Qxa6 Rxa6 15. Nd2 Nb6 16. e4 Na4 17. O-O Nh5 18. Bg5 Kf8 19. g4 Nf6 20. Nc4 Rb4 21. Nxa4 {0-1 Laohawirapap,P (2178)-Durarbayli,V (2612) Titled Tue 1st Nov Early 2022 (6)}) 7. Bc1 Bxa6 8. Nc3 Nbd7 9. Nf3 g6 10. e4 Bxf1 11. Kxf1 Bg7 12. g3 O-O 13. Kg2 Qb4 14. Qc2 Rfb8 15. Re1 Ng4 16. Re2 Qc4 17. Nd1 Nge5 18. Nxe5 Qxc2 19. Rxc2 Nxe5 20. Bd2 Nd3 21. a4 Nxb2 22. Nxb2 Bxb2 23. Rb1 Bd4 24. Rxb8+ Rxb8 25. a5 Kf8 26. Ra2 Ke8 27. a6 Kd7 28. Ba5 c4 29. Ra4 Rb5 30. Bd2 Ba7 31. Rxc4 e6 32. Rb4 Rb6 33. Rxb6 Bxb6 34. Kf3 Kc7 35. Bb4 Bd4 36. Ke2 Bb6 37. f3 Bd4 38. Kd3 Bg1 39. h3 Bf2 40. g4 Bb6 41. Kc4 Be3 42. Kb5 Bf4 43. Ba5+ 1-0

[Event "Olympiad Women 2024"]
[Site "Budapest HUN"]
[Date "2024.09.12"]
[Round "2.3"]
[Board "1"]
[White "Zherebtsova, Alexandra"]
[Black "Dzagnidze, Nana"]
[Result "0-1"]
[WhiteElo "2239"]
[BlackElo "2508"]
[PlyCount "113"]
[EventDate "2024.09.11"]
[WhiteTeam "Montenegro"]
[BlackTeam "Georgia"]
[WhiteTeamCountry "MNE"]
[BlackTeamCountry "GEO"]

1. d4 Nf6 2. c4 e6 3. Nc3 Bb4 4. f3 c5 5. d5 d6 6. e4 b5 7. Nge2 bxc4 8. Nf4 e5 9. Nfe2 Nbd7 10. Ng3 Nb6 11. Be2 Ng8 12. f4 exf4 13. Bxf4 Ne7 14. O-O Bxc3 15. bxc3 O-O 16. Bg5 $146 ({RR} 16. Nh5 Ng6 17. Qd2 Qe7 18. Bh6 gxh6 19. Rf6 Nd7 20. Qxh6 Qxf6 21. Nxf6+ Nxf6 22. h4 Nxe4 23. Bf3 Ng3 24. h5 Nf5 25. Qg5 f6 26. Qg4 Nh6 27. Qg3 Nf5 28. Qg4 Nh6 29. Qg3 Nf5 30. Qg4 {½-½ Baum,J (2404)-Sadzikowski,D (2488) 100th Ann. Silesian Chess 2024 (10.11)}) 16... f6 17. Be3 Ng6 18. Qe1 Qe7 19. a4 a5 20. Qb1 Rb8 21. Qa2 Bd7 22. Bxc4 f5 23. Bd2 Nxc4 24. Qxc4 f4 25. Nf5 Bxf5 26. exf5 Rxf5 27. Rae1 Qf7 28. Re6 f3 29. g4 f2+ 30. Kg2 Rf3 31. Bg5 Rf8 32. Qe4 Rxc3 33. Rxd6 Rc4 34. Qf5 Qxf5 35. gxf5 Rg4+ 36. Kh1 Ne5 37. Be3 Nc4 38. Re6 Nxe3 39. Rxe3 Rxf5 40. Re8+ Kf7 41. Rc8 Rxd5 42. Rxf2+ Kg6 43. Rc6+ Kh5 44. h3 Rxa4 45. Rc2 Ra3 46. Kg2 Kh4 47. R6xc5 Rxc5 48. Rxc5 Ra2+ 49. Kf3 g5 50. Ke4 Ra4+ 51. Ke3 Ra3+ 52. Ke4 Rxh3 53. Rxa5 Kg4 54. Ra1 h5 55. Ra2 h4 56. Ra1 Rg3 57. Kd4 0-1

[Event "Olympiad Women 2024"]
[Site "Budapest HUN"]
[Date "2024.09.12"]
[Round "2.3"]
[Board "2"]
[White "Batsiashvili, Nino"]
[Black "Skvortsova, Alena"]
[Result "1-0"]
[WhiteElo "2461"]
[BlackElo "2179"]
[PlyCount "69"]
[EventDate "2024.09.11"]
[WhiteTeam "Georgia"]
[BlackTeam "Montenegro"]
[WhiteTeamCountry "GEO"]
[BlackTeamCountry "MNE"]

1. d4 {Ftacnik,Lubomir} d5 2. c4 c6 3. cxd5 cxd5 4. Bf4 Nc6 5. e3 Nf6 6. Bd3 e6 7. Nc3 a6 ({RR} 7... Be7 8. h3 O-O ({RR} 8... Bd6 9. Qf3 e5 10. dxe5 Nxe5 11. Bxe5 Bxe5 12. Nge2 O-O 13. O-O Bd7) 9. Nf3 Qb6 10. a3 Bd7 11. O-O Rfc8 12. Qe2) ({RR} 7... Bd6 8. Bxd6 Qxd6 9. f4 O-O 10. Nf3 b6 ({RR} 10... Nb4 11. Bb1 b6 12. a3 Nc6 13. O-O Ba6 14. Rf2 Ne7 15. Ne5) 11. a3 Bb7 12. O-O Ne7 13. Rc1 ({RR} 13. Ne5) 13... Rfc8 14. Nb5 Qd8 15. Rxc8 Nxc8) 8. Rc1 ({RR} 8. h3 Bd6 9. Bxd6 Qxd6 10. f4 O-O 11. Nf3) 8... Qb6 ({RR} 8... h6 9. Qe2 ({RR} 9. Bg3) 9... Bd6 ({RR} 9... Be7 10. Nf3) 10. Bxd6 Qxd6 11. f4 g5 ({RR} 11... O-O 12. Nf3 Bd7 13. Ne5 Rac8 14. g4) 12. g3 gxf4 13. gxf4 Bd7 14. Nf3 Rg8 15. Ne5 Qe7 ({RR} 15... Qb4) 16. Kd2 Rc8 ({RR} 16... O-O-O 17. a3 Kb8) 17. Rhg1 Rxg1 18. Rxg1 Qb4 19. Kc1 Ke7 ({RR} 19... Nxe5 20. fxe5 Rxc3+ 21. bxc3 Qxc3+ 22. Kb1) 20. Qe1 Be8 ({RR} 20... Nxe5 21. fxe5 Ne4 22. Bxe4 dxe4 23. Qh4+ Kf8 24. Qxh6+ Ke7 25. Qh4+ Kf8 26. Qe1) ({RR} 20... Rg8 21. Rxg8 Nxg8 22. Nxd5+ exd5 23. Nxc6+) 21. Kb1 Qa5 22. a3 Nb8 ({RR} 22... Bd7 23. Qh4) 23. f5 {1-0 Vera Gonzalez Quevedo,R (2485)-Smyslov,V (2570) Barcelona 1990 (7)} {RR} Bd7 24. Rg7) 9. Nge2 ({RR} 9. Qd2 Bd7 10. Nf3 Nh5 11. Bg5 h6 12. Bh4 g5 13. Bg3 Nxg3 14. hxg3 Bg7 15. Na4 Qb4 16. Nc5 Rb8 17. Qxb4 Nxb4 18. Bb1 b6 19. Nxd7 Kxd7 20. a3 Rbc8 21. Rxc8 Rxc8 22. Kd2 Nc6 23. Rc1 Rf8 {1-0 Errazola,M (1725)-Lima,C (1857) ch-Panamerican U20 2023 (4.14)}) 9... Bd7 10. O-O Rc8 $146 ({RR} 10... Nb4 11. Bb1 Bd6 12. a3 Bxf4 13. Nxf4 Nc6 14. Nd3 O-O 15. f4 Ne7 16. Ne5 Qxb2 17. Qd3 Rfd8 18. Nxd7 Rxd7 19. Na4 Qb5 20. Qxb5 axb5 21. Nb6 Rdd8 22. Nxa8 Rxa8 23. Rc7 Kf8 24. Rxb7 g6 25. Rc1 {1-0 Ressia,L (1447)-Estoyanoff,G (1650) Montevideo Duchamp Cup 5th 2022 (6)}) 11. Na4 Qa7 12. a3 Be7 13. Nc5 Nh5 14. Nxd7 Kxd7 15. Be5 f6 16. Nc3 g6 17. Bg3 Nxg3 18. hxg3 Ke8 19. Na4 Kf7 20. Rc3 b5 21. Qc2 Qb7 22. Nc5 Bxc5 23. Rxc5 Na5 24. Rc1 Nc4 25. e4 Rxc5 26. dxc5 dxe4 27. Bxc4 bxc4 28. Qxc4 Qxb2 29. Rd1 Re8 30. c6 e3 31. fxe3 Qe5 32. Rd7+ Kg8 33. c7 Qxe3+ 34. Kh2 Qh6+ 35. Qh4 1-0

[Event "Olympiad Women 2024"]
[Site "Budapest HUN"]
[Date "2024.09.12"]
[Round "2.3"]
[Board "3"]
[White "Milovic, Aleksandra"]
[Black "Khotenashvili, Bella"]
[Result "0-1"]
[WhiteElo "2121"]
[BlackElo "2432"]
[PlyCount "116"]
[EventDate "2024.09.11"]
[WhiteTeam "Montenegro"]
[BlackTeam "Georgia"]
[WhiteTeamCountry "MNE"]
[BlackTeamCountry "GEO"]

1. e4 c6 2. d4 d5 3. Nc3 dxe4 4. Nxe4 Bf5 5. Ng3 Bg6 6. Nf3 Nd7 7. h4 h6 8. h5 Bh7 9. Bd3 Bxd3 10. Qxd3 e6 11. Bf4 Bb4+ 12. c3 Be7 13. Ne4 Ndf6 14. Ne5 Nxe4 15. Qxe4 Nf6 16. Qe2 Qd5 17. O-O $146 ({RR} 17. f3 Nd7 18. Ng4 Bg5 19. Ne3 Qb5 20. Qxb5 cxb5 21. Bxg5 hxg5 22. Kf2 Nf6 23. a4 bxa4 24. Rxa4 Kd7 25. Rb4 Kc7 26. Rc4+ Kd7 27. g4 Rac8 28. Rb4 Rc7 29. Rb5 g6 30. Rxg5 gxh5 31. gxh5 Ke7 {1-0 Szamoskozi,G (2245)-Radnoti,G (2105) HUN-chT2 Charousek 0506 2005 (11)}) ({RR} 17. f3 O-O 18. g4 c5 19. g5 hxg5 20. Bxg5 cxd4 21. Rd1 Bd6 22. Bf4 Bxe5 23. Bxe5 Nd7 24. Bxg7 Kxg7 25. Rxd4 Qf5 26. Rxd7 Rad8 27. Rxd8 Rxd8 28. Qe4 Rd5 29. Qxf5 Rxf5 30. h6+ Kh7 31. Ke2 Rf6 {1-0 Otchiyev,A (2230)-Bets,A (2309) Donbass Cup Donetsk 2009 (9)}) 17... O-O 18. Rfd1 Rad8 19. c4 Qe4 20. Qxe4 Nxe4 21. Rd3 Bd6 22. Rad1 Nf6 23. Rh3 c5 24. Rhd3 cxd4 25. Rxd4 Bc7 26. Rxd8 Rxd8 27. Rxd8+ Bxd8 28. g4 Bb6 29. b4 Bd4 30. b5 Kf8 31. Nf3 Bc5 32. Ne5 Ke7 33. g5 Nxh5 34. gxh6 gxh6 35. Bxh6 Bd4 36. Nf3 Bc5 37. Kf1 f5 38. Ke2 f4 39. Bg5+ Kd6 40. Ne1 e5 41. Nd3 Bd4 42. Kf3 Ng7 43. Ke4 Ne6 44. Bf6 Nc5+ 45. Nxc5 Kxc5 46. Bxe5 Bxf2 47. Kd3 f3 48. Bb8 b6 49. Bxa7 Bd4 50. a4 f2 51. Ke2 Kb4 52. Bb8 Bc5 53. Bg3 Kxa4 54. Bxf2 Bxf2 55. Kxf2 Kb4 56. Ke3 Kxc4 57. Kd2 Kxb5 58. Kc3 Ka4 0-1

[Event "Olympiad Women 2024"]
[Site "Budapest HUN"]
[Date "2024.09.12"]
[Round "2.3"]
[Board "4"]
[White "Melia, Salome"]
[Black "Koljevic, Nikolina"]
[Result "0-1"]
[WhiteElo "2293"]
[BlackElo "2030"]
[PlyCount "74"]
[EventDate "2024.09.11"]
[WhiteTeam "Georgia"]
[BlackTeam "Montenegro"]
[WhiteTeamCountry "GEO"]
[BlackTeamCountry "MNE"]

1. e4 c5 2. Nf3 d6 3. d4 cxd4 4. Nxd4 Nf6 5. Nc3 Nc6 6. Bg5 e6 7. Qd2 a6 8. O-O-O Bd7 9. f3 Nxd4 10. Qxd4 h6 11. Be3 Bc6 12. g4 ({RR} 12. Kb1 d5 13. exd5 Nxd5 14. Nxd5 Qxd5 15. Bc4 Qxd4 16. Bxd4 O-O-O 17. Bb6 Rxd1+ 18. Rxd1 Be7 19. a3 h5 20. b4 h4 21. Bd4 Bf6 22. Bxf6 gxf6 23. h3 Rg8 24. Rd2 Rg5 25. Bd3 Re5 26. c4 Kc7 {0-1 Spitzl,V (2365)-Royal,S (2483) Titled Tue 6th Feb Early 2024 (9)}) 12... d5 13. e5 Nd7 14. Be2 $146 ({RR} 14. Qf4 Qc7 15. Bd4 f6 16. Re1 Be7 17. h4 Rf8 18. Bd3 fxe5 19. Bxe5 Nxe5 20. Qxe5 Qxe5 21. Rxe5 Kd7 22. g5 Bd6 23. Re2 Rxf3 24. gxh6 Bf4+ 25. Kd1 Bxh6 26. Rhe1 Rf6 27. b4 Kd6 28. a4 Rc8 {0-1 Plotnikov,P (2297)-Vokhidov,S (2536) Titled Tuesday intern op 03rd May Early blitz 2022 (7)}) ({RR} 14. Qf4 Qg5 15. Qxg5 hxg5 16. Bd4 Bc5 17. Bxc5 Nxc5 18. Ne2 Nd7 19. Nd4 Nxe5 20. Re1 Ng6 21. Bd3 Nf4 22. Re5 f6 23. Ree1 Kf7 24. Ne2 Rh3 25. Nxf4 gxf4 26. g5 fxg5 27. Re5 Kf6 28. Rhe1 Bd7 {0-1 Khanin,S (2509)-Jacobson,B (2532) Titled Tuesday intern op 08th Feb Late blitz 2022 (4)}) 14... Bc5 15. Qd2 Bxe3 16. Qxe3 Qc7 17. f4 d4 18. Qxd4 Bxh1 19. Rxh1 Rc8 20. h4 b5 21. a3 Ke7 22. Kb1 Rhd8 23. g5 Nc5 24. Qb4 a5 25. Qxb5 Rd4 26. gxh6 gxh6 27. Bf3 Rxf4 28. Qe2 Nd7 29. Re1 Rb8 30. Bd5 Qxc3 31. Bb3 Qc5 32. Qd2 Rf2 33. Qd3 Nxe5 34. Qg3 Rf5 35. Qg7 Nc4 36. Qxh6 a4 37. Bxc4 Qxc4 0-1

[Event "Olympiad Women 2024"]
[Site "Budapest HUN"]
[Date "2024.09.12"]
[Round "2.4"]
[Board "1"]
[White "Kashlinskaya, Alina"]
[Black "Librelato, Kathie Goulart"]
[Result "1-0"]
[WhiteElo "2490"]
[BlackElo "2181"]
[PlyCount "55"]
[EventDate "2024.09.11"]
[WhiteTeam "Poland"]
[BlackTeam "Brazil"]
[WhiteTeamCountry "POL"]
[BlackTeamCountry "BRA"]

1. d4 {Krasenkow,Michal} d5 2. c4 e6 3. Nc3 c6 4. e4 dxe4 5. Nxe4 c5 6. Be3 $146 ({RR} 6. d5 exd5 7. cxd5 Bf5 8. Nc3 Nf6 9. Qa4+ Qd7 10. Bb5 Nc6 11. dxc6 Qe6+ 12. Nge2 b6 13. O-O Bh3 14. Nf4 Qe5 15. Nxh3 Ng4 16. Qxg4 {1-0 Kaliuzhny,P-Nagornyy,D UKR-ch U10 Nikolaev 2007 (7)}) ({RR} 6. Nxc5 Nc6 ({RR} 6... Bxc5 7. dxc5 Qxd1+ 8. Kxd1 Nf6 9. Be2 Bd7 10. Be3) 7. Nf3 ({RR} 7. Nb3 a5 8. a4 Bb4+ 9. Bd2 Nxd4 10. Bxb4 Nxb3 11. Qxb3 ({RR} 11. Qxd8+ Kxd8 12. Rd1+ Ke8 13. Bd6 Bd7) 11... Qb6) 7... Nxd4 8. Qxd4 Qxd4 9. Nxd4 Bxc5 10. Nb5 Ke7 11. Bd2 ({RR} 11. Nc7 Rb8 12. Bf4 Bb4+ 13. Ke2 Bd6 14. Bxd6+ Kxd6 15. Nb5+ Kc5 ({RR} 15... Ke7 16. Nxa7 Bd7 17. a4) 16. Nxa7 ({RR} 16. Rd1) 16... Bd7 17. Ke1) 11... Bd7 12. b4 Bxb5 13. cxb5 Bd6 14. g3 Rc8 ({RR} 14... Nf6 15. Bg2 Nd5) 15. Bg2 b6 16. Ke2 Nh6 17. Rac1 Nf5 18. Bc3 f6 19. f4 h5 20. Bc6 Rcd8 {½-½ Caruana,F (2784)-Kramnik,V (2800) Candidates Tournament 2018 (11)}) ({RR} 6. dxc5 Qxd1+ 7. Kxd1 Nf6 8. Nd6+ Bxd6 9. cxd6 Ne4 10. Be3 Nxd6 11. Nf3 Nc6 12. Kc2 O-O 13. Bc5 Rd8 14. Rd1 Nf5 15. Rxd8+ Nxd8 16. g4 Nh6 17. h3 b6 18. Be3 Bb7 19. Bg2 Rc8 20. b3 Be4+ {1-0 Gschnitzer,A (2431)-Gruca,M (2198) Titled Tue 14th May Late 2024 (2)}) ({RR} 6. Nf3 cxd4 7. Qxd4 Bb4+ 8. Bd2 Qxd4 9. Nxd4 Bxd2+ 10. Kxd2 Nf6 11. Nxf6+ gxf6 12. Nb5 Na6 13. Be2 Bd7 14. Bf3 Bxb5 15. cxb5 O-O-O+ 16. Ke2 Nb4 17. Rhd1 Rxd1 18. Rxd1 Re8 19. Rd4 Nxa2 20. Ra4 Nc1+ {1-0 Maderna,C-Olivera,A Mar del Plata International-11 1948 (17)}) 6... cxd4 7. Bxd4 Nc6 8. Bc3 Qxd1+ 9. Rxd1 e5 10. c5 Be6 11. Bb5 Nf6 12. Nxf6+ gxf6 13. b4 Rg8 14. Ne2 a5 15. bxa5 Bd7 16. Ng3 Bxc5 17. Ne4 Be7 18. O-O Rg6 19. Nd6+ Bxd6 20. Rxd6 f5 21. Rd5 Ke7 22. Bb4+ Nxb4 23. Rxd7+ Kf8 24. Bc4 Rxa5 25. Rxf7+ Ke8 26. Rxb7 Nd5 27. Rd1 Rb6 28. Rxd5 1-0